01189nam a2200265 a 4500001001000000003000400010005001700014008004100031040002500072082002000097100003100117245007000148246004800218260004500266300002100311590002600332650002900358650003100387910003700418942001300455952013200468952018300600952012300783999001700906000012332OSt20240412074231.0091111s1978 dr 000 j spa d aDO-SdBNPbspacBNPHU aRD863.44bH694c1 aHoepelman, Virgilio91125710a100 cuentos (de amor, de risa y de llanto) /cVirgilio Hoepelman.13aCien cuentos (de amor, de risa y de llanto) aSanto Domingo :bAmigo del Hogar,c1978. a454 p. ;c22 cm. aInventariado, 2019/BT 0aCuentos dominicanos9176 0aLiteratura dominicana.967 aValidado. Control de calidad MFF 2ddccLF1 001054708DSaGRbGRcHDd2015-08-19iLF1l0oRD863.44 H694cp12332-30r2020-06-25te.3w2020-06-25yLFDSZPréstamo en sala 0010718PDaPDbPDcHDd2009-11-11iLF1l0oRD863.44 H694cp12332-10r2020-06-25w2020-06-25yLFPDzPerteneció a la biblioteca personal de Germán Emilio Ornes.ZNo se presta 0010718PDaPDbPDcHDd2013-07-01iLF1l0oRD863.44 H694cp12332-20r2020-06-25te.2w2020-06-25yLFPDZNo se presta c11989d11989